De lo sublime
Wedi'i Gadw mewn:
| Prif Awdur: | |
|---|---|
| Fformat: | Llyfr |
| Iaith: | Sbaeneg |
| Cyhoeddwyd: |
Buenos Aires
Aguilar
1980
|
| Rhifyn: | 2a. ed |
| Cyfres: | Biblioteca de iniciación filosófica, 119
|
| Pynciau: | |
| Tagiau: |
Ychwanegu Tag
Dim Tagiau, Byddwch y cyntaf i dagio'r cofnod hwn!
|
MARC
| LEADER | 00000nam a2200000 a 4500 | ||
|---|---|---|---|
| 001 | UCV7847 | ||
| 003 | CL-VaPUC | ||
| 008 | 891113e19800000AG |||||||||||||||||spa|d | ||
| 082 | 0 | 4 | |a 885.01 |b LON |2 21 |
| 100 | |a Longino, Cayo Casio |e autor |9 526051 | ||
| 245 | 1 | 0 | |a De lo sublime |
| 250 | |a 2a. ed | ||
| 300 | |a 158 p | ||
| 942 | |c BK | ||
| 945 | |d 19891113 00:00:00 | ||
| 260 | |a Buenos Aires |b Aguilar |c 1980 | ||
| 650 | 0 | |a Retórica antigua |9 265653 | |
| 583 | |a last modification |c 19891113 00:00:00 |k Rodrigo Vera | ||
| 490 | 0 | |a Biblioteca de iniciación filosófica, 119 | |
| 999 | |c 213458 |d 213456 | ||
| 952 | |0 0 |1 0 |4 0 |6 885_010000000000000_LON_1980 |7 0 |8 A |9 195855 |a BIBARQ |b BIBARQ |d 2019-11-14 |i 2638517 |o 885.01 LON 1980 |p 2638517 |r 2025-01-20 |w 2019-11-14 |y BK |k ARQ | ||